[Event "II LIGA CENTRALNE SRBIJE-ISTOK"]
[Site "Leskovac"]
[Date "2014.09.26"]
[Round "2.3"]
[White "Mincic, Srbislav"]
[Black "Nikolic, Stanimir"]
[Result "1-0"]
[WhiteElo "2232"]
[BlackElo "2251"]
[PlyCount "71"]
[EventDate "2014.09.25"]

1. e4 e5 2. Nf3 Nc6 3. Nc3 Nf6 4. a3 d6 5. d4 Bd7 6. Be3 Be7 7. h3 O-O 8. dxe5
dxe5 9. Bc4 Bd6 10. Qd3 a6 11. O-O b5 12. Ba2 h6 13. Nd5 Nxd5 14. Bxd5 Rb8 15.
b4 Ne7 16. Bb3 Ng6 17. Rfd1 Qf6 18. Qe2 Rfc8 19. c4 Bc6 20. c5 Be7 21. Bd5 Be8
22. g3 c6 23. Bb3 Rb7 24. Nh2 Bd8 25. Qh5 Kh7 26. Ng4 Qf3 27. Rd6 f6 28. Nxf6+
Qxf6 29. Rxf6 Bxf6 30. Rd1 Rd8 31. Rxd8 Bxd8 32. Qf5 Bd7 33. Qf7 Ne7 34. g4 Bc8
35. Qe8 Rd7 36. g5 1-0

[Event "II LIGA CENTRALNE SRBIJE-ISTOK"]
[Site "Leskovac"]
[Date "2014.09.26"]
[Round "2.3"]
[White "Bura, Goran"]
[Black "Dimitrijevic, Dusan *"]
[Result "1-0"]
[WhiteElo "2202"]
[BlackElo "2097"]
[PlyCount "105"]
[EventDate "2014.09.25"]

1. Nf3 e6 2. c4 b6 3. g3 Bb7 4. Bg2 f5 5. O-O Nf6 6. d4 c5 7. d5 exd5 8. Nh4 g6
9. Nc3 Be7 10. cxd5 d6 11. Nf3 Na6 12. h4 Nc7 13. Ng5 b5 14. e4 b4 15. Ne2 fxe4
16. Nf4 Bc8 17. Nxe4 Nxe4 18. Bxe4 O-O 19. h5 g5 20. Ne6 Bxe6 21. dxe6 d5 22.
Bg2 Bf6 23. Qg4 Kh8 24. Be3 Qe7 25. Rab1 Rae8 26. Rfe1 Qxe6 27. Qxe6 Nxe6 28.
Bxd5 Nd4 29. Red1 Rd8 30. Bc4 a5 31. Kg2 g4 32. b3 Be5 33. Rd3 Kg7 34. Rbd1 h6
35. Rh1 Bf6 36. Bf4 Ne6 37. Bd6 Rfe8 38. Rhd1 Rc8 39. Re3 Ng5 40. Rxe8 Rxe8 41.
Bxc5 Rd8 42. Rxd8 Bxd8 43. Be2 Ne4 44. Be3 Be7 45. Bxg4 Nc5 46. Bd4+ Kf7 47.
Be2 Ke6 48. Bc4+ Kf5 49. f4 Kg4 50. Be2+ Kf5 51. Kf3 Ke6 52. Bc4+ Kd6 53. Bg7
1-0

[Event "II LIGA CENTRALNE SRBIJE-ISTOK"]
[Site "Leskovac"]
[Date "2014.09.26"]
[Round "2.3"]
[White "Tonic, Milos *"]
[Black "Njegic, Vladimir"]
[Result "1-0"]
[WhiteElo "1988"]
[BlackElo "2136"]
[PlyCount "81"]
[EventDate "2014.09.25"]

1. c4 e5 2. Nc3 Bb4 3. Nd5 Bc5 4. Nf3 e4 5. Ng5 c6 6. Nc3 Bxf2+ 7. Kxf2 Qxg5 8.
d4 Qf5+ 9. Kg1 Nf6 10. e3 O-O 11. Bd2 d5 12. Qe1 Be6 13. c5 Nbd7 14. Be2 b6 15.
b4 a5 16. a3 axb4 17. axb4 Ng4 18. Bxg4 Qxg4 19. h3 Qh5 20. Kh2 Rxa1 21. Qxa1
g5 22. Qe1 bxc5 23. bxc5 Rb8 24. Rf1 Rb2 25. Qc1 Rb3 26. Qe1 Nf8 27. Qg3 Ng6
28. Kg1 Nh4 29. Qe5 h6 30. Qg3 Rb2 31. Rf2 Kh7 32. Be1 Rb3 33. Qe5 Ra3 34. Kh2
Ra1 35. Nxe4 dxe4 36. d5 Rxe1 37. dxe6 f5 38. Qc7+ Kg8 39. Rd2 Rd1 40. Qd8+ Kg7
41. Rxd1 1-0

[Event "II LIGA CENTRALNE SRBIJE-ISTOK"]
[Site "Leskovac"]
[Date "2014.09.26"]
[Round "2.3"]
[White "Kostic, Tomislav **"]
[Black "Trickovic, Borivoje"]
[Result "0-1"]
[WhiteElo "2004"]
[BlackElo "2231"]
[PlyCount "96"]
[EventDate "2014.09.25"]

1. e4 Nf6 2. Nc3 d5 3. exd5 Nxd5 4. Nf3 Bg4 5. Bc4 e6 6. d4 Be7 7. O-O O-O 8.
Nxd5 exd5 9. Bd3 Nd7 10. h3 Bh5 11. Re1 Nf6 12. Bf4 Re8 13. Be2 Ne4 14. Ne5
Bxe2 15. Rxe2 f6 16. Nd3 Bd6 17. f3 Bxf4 18. Nxf4 Qd6 19. Nxd5 Qxd5 20. fxe4
Rxe4 21. Rxe4 Qxe4 22. Qd2 Rd8 23. c3 c5 24. Re1 Qd5 25. Qe3 cxd4 26. Qxd4
Qxd4+ 27. cxd4 Rxd4 28. Re7 Rb4 29. b3 h5 30. Kf2 Kh7 31. Ke3 Kh6 32. Rd7 g5
33. g3 Kg6 34. Rd3 a5 35. Rd5 b6 36. Rd3 Kf5 37. Rd5+ Ke6 38. Rd8 a4 39. Rd3
axb3 40. axb3 Ke5 41. Kf3 f5 42. Ke3 h4 43. Kf3 hxg3 44. Kxg3 Ke4 45. Rc3 Rd4
46. h4 gxh4+ 47. Kxh4 b5 48. Rc2 Kd3+ 0-1

[Event "II LIGA CENTRALNE SRBIJE-ISTOK"]
[Site "Leskovac"]
[Date "2014.09.26"]
[Round "2.3"]
[White "Kostic, Marko **"]
[Black "Kostic, Aleksandar *"]
[Result "1/2-1/2"]
[WhiteElo "1848"]
[BlackElo "1976"]
[PlyCount "93"]
[EventDate "2014.09.25"]

1. d4 Nf6 2. Bf4 g6 3. e3 Bg7 4. Nf3 O-O 5. h3 d6 6. Be2 b6 7. O-O Bb7 8. c4 c5
9. Bh2 Nbd7 10. Nc3 Ne4 11. Nxe4 Bxe4 12. Nd2 Bb7 13. Bf3 Qc7 14. Bxb7 Qxb7 15.
Nf3 Rac8 16. Rc1 Rfd8 17. b3 e5 18. Qc2 cxd4 19. exd4 exd4 20. Bxd6 Nc5 21. Be5
Bh6 22. Bxd4 Bxc1 23. Qxc1 f5 24. Ba1 Ne6 25. Qc3 Ng7 26. h4 Rc7 27. h5 gxh5
28. Qf6 Rf8 29. Qd6 Qc6 30. Qg3 f4 31. Qg5 Qg6 32. Qe5 Rd7 33. Qb5 Qf5 34. Be5
Re8 35. Qc6 Rde7 36. Qd5+ Ne6 37. Nd4 Qf7 38. Nc6 Rd7 39. Qf3 Ng5 40. Qxf4 Qxf4
41. Bxf4 Ne6 42. Be3 Nc5 43. b4 Ne4 44. a4 Nd2 45. Rc1 Re4 46. c5 bxc5 47. Rxc5
1/2-1/2

[Event "II LIGA CENTRALNE SRBIJE-ISTOK"]
[Site "Leskovac"]
[Date "2014.09.26"]
[Round "2.3"]
[White "Kostic, Stefan"]
[Black "Dubravcic, Nikola **"]
[Result "0-1"]
[WhiteElo "1942"]
[BlackElo "1692"]
[PlyCount "92"]
[EventDate "2014.09.25"]

1. e4 d6 2. d4 Nf6 3. Nc3 e5 4. Nf3 Nbd7 5. Bg5 Be7 6. Qd3 exd4 7. Qxd4 O-O 8.
O-O-O Ng4 9. Bxe7 Qxe7 10. Nd5 Qd8 11. h3 Ngf6 12. Ne3 Qe7 13. Bd3 Nc5 14. e5
dxe5 15. Nxe5 Be6 16. Bc4 Rad8 17. Qh4 Bxc4 18. N5xc4 Qe4 19. Qg5 Ne6 20. Qf5
Nd4 21. Qg5 Rd5 22. f3 Rxg5 23. fxe4 Ne2+ 24. Kb1 Rb5 25. Rd4 Nc3+ 26. Ka1
Ncxe4 27. a4 Rg5 28. g4 c5 29. h4 Rg6 30. Rdd1 Nf2 31. Ne5 Nxh1 32. Nxg6 fxg6
33. Rxh1 Re8 34. Rh3 Re4 35. b3 Nxg4 36. Nc4 b6 37. Kb2 Ne5 38. Nd6 Rd4 39. Nc8
Nc6 40. Rd3 Rxd3 41. cxd3 Kf7 42. Nd6+ Ke7 43. Ne4 a6 44. Kc3 Ke6 45. Kc4 h6
46. Nc3 Ne5# 0-1

[Event "II LIGA CENTRALNE SRBIJE-ISTOK"]
[Site "Leskovac"]
[Date "2014.09.26"]
[Round "2.4"]
[White "Zlatanovic, Zoran"]
[Black "Popovic, Djordje D"]
[Result "1/2-1/2"]
[WhiteElo "2154"]
[BlackElo "2225"]
[PlyCount "21"]
[EventDate "2014.09.25"]

1. Nf3 Nf6 2. g3 g6 3. Bg2 Bg7 4. O-O O-O 5. d4 d5 6. c3 c6 7. a4 Bf5 8. Nbd2
Ne4 9. Nxe4 Bxe4 10. Ne1 Bxg2 11. Nxg2 1/2-1/2

[Event "II LIGA CENTRALNE SRBIJE-ISTOK"]
[Site "Leskovac"]
[Date "2014.09.26"]
[Round "2.4"]
[White "Milosevic, Aleksandar"]
[Black "Kalcic, Krsta"]
[Result "1/2-1/2"]
[WhiteElo "2306"]
[BlackElo "2229"]
[PlyCount "102"]
[EventDate "2014.09.25"]

1. Nf3 c5 2. c4 Nf6 3. Nc3 Nc6 4. e3 d5 5. cxd5 Nxd5 6. Bb5 Ndb4 7. Ne5 Bd7 8.
Nxd7 Qxd7 9. O-O a6 10. Be2 e6 11. a3 Nd3 12. Qc2 Rd8 13. Rd1 c4 14. b4 b5 15.
Bxd3 Qxd3 16. Qxd3 Rxd3 17. Bb2 Be7 18. Ne2 e5 19. Nc1 Rd5 20. Kf1 O-O 21. Ke1
Rfd8 22. Bc3 f5 23. Ne2 Kf7 24. f3 R5d7 25. h3 g5 26. Rdb1 Bf6 27. Ra2 e4 28.
a4 exf3 29. gxf3 Bxc3 30. Nxc3 Ne5 31. Ke2 bxa4 32. b5 axb5 33. Rxb5 Ke6 34.
Rb6+ Rd6 35. Rxd6+ Rxd6 36. Rxa4 Rc6 37. Ra7 Nf7 38. Nb5 Rb6 39. Nd4+ Kf6 40.
Nxf5 Rb1 41. Ng3 Rg1 42. Kf2 Rd1 43. Ne4+ Kg6 44. Ra6+ Kg7 45. Rc6 Ne5 46. Rc7+
Kg6 47. Ke2 Rh1 48. Nf2 Rh2 49. Kf1 Nxf3 50. Rd7 h5 51. Rd8 Kg7 1/2-1/2

[Event "II LIGA CENTRALNE SRBIJE-ISTOK"]
[Site "Leskovac"]
[Date "2014.09.26"]
[Round "2.4"]
[White "Milutinovic, Stefana**"]
[Black "Stefanovic, Vladimir"]
[Result "1/2-1/2"]
[WhiteElo "2041"]
[BlackElo "2218"]
[PlyCount "58"]
[EventDate "2014.09.25"]

1. Nf3 Nf6 2. c4 c5 3. Nc3 g6 4. g3 Bg7 5. Bg2 O-O 6. O-O Nc6 7. d4 cxd4 8.
Nxd4 Nxd4 9. Qxd4 d6 10. Qd3 a6 11. Bd2 Rb8 12. Rac1 Bd7 13. b3 b5 14. cxb5
axb5 15. a4 Qb6 16. axb5 Bxb5 17. Nxb5 Qxb5 18. Qxb5 Rxb5 19. b4 Nd5 20. Rc4 e6
21. Rfc1 Nb6 22. Rc6 d5 23. Bf1 Nd7 24. e3 Rbb8 25. Kg2 Ne5 26. Rc7 Rfd8 27.
Be1 Bf8 28. b5 Bd6 29. Ra7 Nc4 1/2-1/2

[Event "II LIGA CENTRALNE SRBIJE-ISTOK"]
[Site "Leskovac"]
[Date "2014.09.26"]
[Round "2.4"]
[White "Ivic, Matija **"]
[Black "Nedeljkovic, Gojko"]
[Result "1-0"]
[WhiteElo "1960"]
[BlackElo "2085"]
[PlyCount "41"]
[EventDate "2014.09.25"]

1. Nf3 Nf6 2. c4 g6 3. g3 Bg7 4. Bg2 d6 5. O-O O-O 6. Nc3 Nc6 7. d3 a6 8. Rb1
d5 9. cxd5 Nxd5 10. Bd2 Nxc3 11. bxc3 e5 12. Ng5 Qe7 13. Qa4 Nd8 14. c4 f5 15.
Qb4 c5 16. Qa5 h6 17. Bd5+ Kh8 18. Nf3 Ne6 19. Rb6 Kh7 20. Rfb1 Ra7 21. Bc1 1-0

[Event "II LIGA CENTRALNE SRBIJE-ISTOK"]
[Site "Leskovac"]
[Date "2014.09.26"]
[Round "2.4"]
[White "Simic, Petar S **"]
[Black "Ljuboja, Ognjen **"]
[Result "1-0"]
[WhiteElo "1797"]
[BlackElo "1840"]
[PlyCount "73"]
[EventDate "2014.09.25"]

1. d4 Nf6 2. c4 c5 3. d5 b5 4. cxb5 a6 5. f3 g6 6. e4 d6 7. Nc3 Bg7 8. Be3 O-O
9. a4 Qa5 10. Bd2 axb5 11. Nxb5 Qb6 12. Bc4 Ba6 13. Ne2 Nbd7 14. Bc3 Qb7 15.
O-O Nb6 16. b3 Rfc8 17. Qd3 Ne8 18. Bxg7 Kxg7 19. Nec3 Nc7 20. Rfb1 Rcb8 21.
Nxc7 Bxc4 22. Ne6+ fxe6 23. bxc4 Qa6 24. Nb5 Qc8 25. a5 Nd7 26. dxe6 Ne5 27.
Qc3 Kg8 28. f4 Nc6 29. f5 Rb7 30. Rf1 Ne5 31. Rad1 Ra6 32. Rd5 Ng4 33. Qg3 Nf6
34. Qd3 Qc6 35. fxg6 hxg6 36. Rxf6 exf6 37. Rxd6 1-0

[Event "II LIGA CENTRALNE SRBIJE-ISTOK"]
[Site "Leskovac"]
[Date "2014.09.26"]
[Round "2.4"]
[White "Ivanovic, Zoran M"]
[Black "Miljkovic, Jovana **"]
[Result "1-0"]
[WhiteElo "2100"]
[BlackElo "1884"]
[PlyCount "73"]
[EventDate "2014.09.25"]

1. e4 c5 2. Nf3 d6 3. d4 cxd4 4. Nxd4 Nf6 5. Nc3 a6 6. a4 Qa5 7. Nb3 Qc7 8. Be2
b6 9. f4 Bb7 10. Bf3 e5 11. O-O Nbd7 12. g3 Rc8 13. Re1 Be7 14. Be3 O-O 15. Rc1
Qc4 16. Bf2 Rfd8 17. Qd3 Rc7 18. Rcd1 Rdc8 19. Qe3 Qb4 20. Rd2 Bc6 21. Ra1 Bb7
22. Rad1 Bc6 23. Ra1 Bb7 24. h3 Rc4 25. Re1 Kf8 26. Be2 R4c7 27. Bd3 Nc5 28.
Nxc5 Rxc5 29. Qe2 R5c7 30. Nd1 Qxa4 31. Bxb6 Rc6 32. Bf2 Bd8 33. Ne3 Nxe4 34.
fxe5 Nxd2 35. Qxd2 dxe5 36. Nf5 Rf6 37. Rxe5 1-0

[Event "II LIGA CENTRALNE SRBIJE-ISTOK"]
[Site "Leskovac"]
[Date "2014.09.26"]
[Round "2.4"]
[White "Zlatanovic, Jovana **"]
[Black "Milic, Ivica"]
[Result "0-1"]
[WhiteElo "1757"]
[BlackElo "2013"]
[PlyCount "74"]
[EventDate "2014.09.25"]

1. e4 c6 2. d3 d5 3. Nf3 dxe4 4. Ng5 Nf6 5. Nxe4 Nxe4 6. dxe4 Qxd1+ 7. Kxd1 e5
8. Be3 Be6 9. Bd3 Nd7 10. Nd2 O-O-O 11. Ke2 Nc5 12. Rhd1 Nxd3 13. cxd3 b6 14.
Nf3 f6 15. Rdc1 Kb7 16. d4 exd4 17. Nxd4 Bd7 18. Rd1 Be7 19. Nf5 Bxf5 20. exf5
Rxd1 21. Rxd1 Rd8 22. Rxd8 Bxd8 23. g4 c5 24. h4 Kc6 25. f4 Kd5 26. Kf3 h6 27.
g5 h5 28. Bd2 Kd4 29. a4 a6 30. Be3+ Kd5 31. Bf2 b5 32. axb5 axb5 33. Ke3 c4
34. Be1 Bb6+ 35. Kf3 Bd4 36. Bb4 Bxb2 37. Bf8 c3 0-1

[Event "II LIGA CENTRALNE SRBIJE-ISTOK"]
[Site "Leskovac"]
[Date "2014.09.26"]
[Round "2.5"]
[White "Petrovic, Dragan R"]
[Black "Radovanovic, Nikola**"]
[Result "1/2-1/2"]
[WhiteElo "2157"]
[BlackElo "2348"]
[PlyCount "49"]
[EventDate "2014.09.25"]

1. d4 Nf6 2. c4 g6 3. Nc3 Bg7 4. e4 d6 5. Nf3 O-O 6. Be2 e5 7. O-O c6 8. Re1
exd4 9. Nxd4 Re8 10. Bf1 Nbd7 11. Nb3 Qc7 12. Bf4 Ne5 13. Rc1 a5 14. h3 Nfd7
15. Nd4 Nc5 16. Be3 Ned7 17. Qc2 Nf6 18. f3 Nh5 19. Qf2 Be5 20. f4 Bf6 21. g4
Ng7 22. g5 Bd8 23. Qf3 f5 24. h4 Rf8 25. Qd1 1/2-1/2

[Event "II LIGA CENTRALNE SRBIJE-ISTOK"]
[Site "Leskovac"]
[Date "2014.09.26"]
[Round "2.5"]
[White "Blagojevic, Vladan"]
[Black "Kraguljac, Pero"]
[Result "1/2-1/2"]
[WhiteElo "2142"]
[BlackElo "2128"]
[PlyCount "25"]
[EventDate "2014.09.25"]

1. Nf3 Nf6 2. c4 d6 3. d4 g6 4. Nc3 Bg7 5. g3 O-O 6. Bg2 c6 7. O-O Nbd7 8. b3
Re8 9. Bb2 e5 10. dxe5 dxe5 11. Qc2 e4 12. Ng5 e3 13. f3 1/2-1/2

[Event "II LIGA CENTRALNE SRBIJE-ISTOK"]
[Site "Leskovac"]
[Date "2014.09.26"]
[Round "2.5"]
[White "Lukic, Igor M"]
[Black "Radovic, Luka**"]
[Result "0-1"]
[WhiteElo "2099"]
[BlackElo "2210"]
[PlyCount "35"]
[EventDate "2014.09.25"]

1. d4 d5 2. Nf3 Nf6 3. Bg5 Ne4 4. Bf4 c5 5. e3 g6 6. Nbd2 Bg7 7. Be2 Qb6 8. Rb1
Bf5 9. O-O Nc6 10. Nxe4 Bxe4 11. Nd2 cxd4 12. Nxe4 dxe4 13. exd4 Nxd4 14. c3
Nxe2+ 15. Qxe2 f5 16. Qc4 Qc6 17. Qb3 Kd8 18. Qa3 0-1

[Event "II LIGA CENTRALNE SRBIJE-ISTOK"]
[Site "Leskovac"]
[Date "2014.09.26"]
[Round "2.5"]
[White "Radovic, Janko**"]
[Black "Nadj, Vanja"]
[Result "1-0"]
[WhiteElo "2125"]
[BlackElo "1979"]
[PlyCount "43"]
[EventDate "2014.09.25"]

1. e4 d6 2. d4 Nf6 3. Nc3 g6 4. f4 Bg7 5. Nf3 O-O 6. e5 Nfd7 7. h4 h5 8. e6
fxe6 9. Bd3 Qe8 10. Qe2 Nb6 11. Ng5 Rf6 12. Nce4 Rf5 13. g4 Nc6 14. c3 hxg4 15.
h5 gxh5 16. Ng3 Rf6 17. Rxh5 e5 18. Qh2 Qxh5 19. Qxh5 Bh6 20. Ne6 Bg5 21. Qxg5+
Kf7 22. Ng7 1-0

[Event "II LIGA CENTRALNE SRBIJE-ISTOK"]
[Site "Leskovac"]
[Date "2014.09.26"]
[Round "2.5"]
[White "Nikolic, Vladimir"]
[Black "Vidanovic, Ljubisa"]
[Result "1-0"]
[WhiteElo "1975"]
[BlackElo "1816"]
[PlyCount "59"]
[EventDate "2014.09.25"]

1. Nf3 Nf6 2. g3 g6 3. b3 Bg7 4. Bb2 d6 5. Bg2 c6 6. O-O O-O 7. d4 Nbd7 8. c4
Rb8 9. Qc2 a5 10. e4 Re8 11. e5 dxe5 12. dxe5 Ng4 13. e6 fxe6 14. Bxg7 Kxg7 15.
Rd1 Qc7 16. Qc3+ Ngf6 17. Nbd2 Nc5 18. a3 b6 19. b4 Nb7 20. Ne4 Nd6 21. Rxd6
Qxd6 22. Nxd6 exd6 23. bxa5 bxa5 24. Qxa5 Re7 25. Nd4 Ra7 26. Bxc6 Rb6 27.
Qxa7+ Kf8 28. Qc7 d5 29. Qd6+ Kf7 30. Re1 1-0

[Event "II LIGA CENTRALNE SRBIJE-ISTOK"]
[Site "Leskovac"]
[Date "2014.09.26"]
[Round "2.5"]
[White "Pavlovic, Branka *"]
[Black "Dragojevic, Dragan"]
[Result "0-1"]
[WhiteElo "1829"]
[BlackElo "1966"]
[PlyCount "50"]
[EventDate "2014.09.25"]

1. e4 e5 2. Nf3 Nc6 3. Bc4 Bc5 4. c3 Qe7 5. a4 Bxf2+ 6. Kxf2 Qc5+ 7. d4 Qxc4 8.
Nbd2 Qa6 9. d5 Nce7 10. Nxe5 f5 11. Re1 d6 12. Qg4 g6 13. Nxg6 Nf6 14. Qh4 Ng4+
15. Kg1 Qb6+ 16. Kf1 Nxg6 17. exf5+ Ne3+ 18. Rxe3+ Qxe3 19. fxg6 Bf5 20. Qf2
Bd3+ 21. Kg1 Qxf2+ 22. Kxf2 hxg6 23. h3 O-O+ 24. Ke3 Bf1 25. c4 Rae8+ 0-1

[Event "II LIGA CENTRALNE SRBIJE-ISTOK"]
[Site "Leskovac"]
[Date "2014.09.26"]
[Round "2.5"]
[White "Mitic, Zoran"]
[Black "Jankovic, Uros **"]
[Result "1-0"]
[WhiteElo "1917"]
[BlackElo "1741"]
[PlyCount "43"]
[EventDate "2014.09.25"]

1. e4 c5 2. c3 e6 3. d4 cxd4 4. cxd4 Nc6 5. Nc3 e5 6. dxe5 Bb4 7. Nf3 Nge7 8.
Bd3 Qb6 9. O-O Bxc3 10. bxc3 Ng6 11. h4 d6 12. Qc2 Bd7 13. e6 O-O-O 14. h5 Nge7
15. Ba3 Nf5 16. g4 Nh6 17. Bxd6 Qa5 18. Rfb1 Qa6 19. Rb5 Qb6 20. Rbb1 Qxb1+ 21.
Rxb1 Be8 22. Ba3 1-0

[Event "II LIGA CENTRALNE SRBIJE-ISTOK"]
[Site "Leskovac"]
[Date "2014.09.26"]
[Round "2.6"]
[White "Trailovic, Mile"]
[Black "Dinic, Dragan"]
[Result "0-1"]
[WhiteElo "2128"]
[BlackElo "2310"]
[PlyCount "65"]
[EventDate "2014.09.25"]

1. e4 e5 2. Nc3 Nc6 3. g3 Bc5 4. Bg2 Nf6 5. Nge2 d6 6. Na4 Be6 7. d3 Qd7 8. h3
a6 9. Nxc5 dxc5 10. b3 O-O-O 11. Be3 Nd4 12. f4 exf4 13. gxf4 Qe7 14. O-O Kb8
15. Nc3 h6 16. Qc1 g6 17. Rf2 Nh5 18. Qa3 Bc8 19. Rd1 b6 20. Bxd4 Rxd4 21. Rf3
g5 22. Ne2 Rdd8 23. Qb2 gxf4 24. Nxf4 Qg5 25. Nd5 Rdg8 26. h4 Qxh4 27. Qe5 Rd8
28. Re3 f6 29. Rf3 b5 30. Rxf6 Nxf6 31. Qh5 Rd7 32. Qxh4 Rg7 33. Qg3 0-1

[Event "II LIGA CENTRALNE SRBIJE-ISTOK"]
[Site "Leskovac"]
[Date "2014.09.26"]
[Round "2.6"]
[White "Trifunovic, Borisav"]
[Black "Devetak, Dusan"]
[Result "1-0"]
[WhiteElo "1920"]
[BlackElo "2139"]
[PlyCount "89"]
[EventDate "2014.09.25"]

1. d4 Nf6 2. c4 g6 3. Nc3 Bg7 4. e4 d6 5. Be2 O-O 6. Bg5 h6 7. Be3 e5 8. d5 c6
9. Qd2 Kh7 10. h3 cxd5 11. cxd5 a6 12. a4 Nbd7 13. Nf3 Qa5 14. O-O Qb4 15. Qc2
Nc5 16. Nd2 a5 17. f3 Bd7 18. Bb5 Bxb5 19. Nxb5 Na6 20. Qc4 Rfd8 21. Rfc1 Bf8
22. Qxb4 Nxb4 23. Rc7 Rd7 24. Rac1 Rad8 25. Bb6 Nd3 26. R1c2 Rxc7 27. Rxc7 Rd7
28. Rc2 h5 29. Bxa5 Bh6 30. Nf1 g5 31. g4 Bf8 32. Ne3 Nc5 33. Rc4 Ne8 34. Nf5
Kg6 35. Bb6 hxg4 36. hxg4 Ng7 37. a5 Nxf5 38. gxf5+ Kh5 39. b4 Na6 40. Nc7 g4
41. Nxa6 bxa6 42. Kg2 gxf3+ 43. Kg3 Bh6 44. Rc7 Rd8 45. Rc2 1-0

[Event "II LIGA CENTRALNE SRBIJE-ISTOK"]
[Site "Leskovac"]
[Date "2014.09.26"]
[Round "2.6"]
[White "Dragic, Vladimir"]
[Black "Petrovic, Petar R **"]
[Result "1-0"]
[WhiteElo "2112"]
[BlackElo "1722"]
[PlyCount "62"]
[EventDate "2014.09.25"]

1. g3 d5 2. Bg2 c5 3. Nf3 Nf6 4. b3 Nc6 5. d4 cxd4 6. Nxd4 e5 7. Nxc6 bxc6 8.
O-O Be7 9. c4 Be6 10. cxd5 cxd5 11. Bb2 e4 12. Nc3 O-O 13. Qd2 Qd7 14. Rfd1
Rfd8 15. Rac1 Rac8 16. Na4 Qb5 17. Bd4 Qa6 18. Nc5 Bxc5 19. Bxc5 Qb7 20. Bd4
Ne8 21. Qb2 f6 22. Rxc8 Rxc8 23. Rc1 Nd6 24. Rxc8+ Nxc8 25. Qa3 Kf7 26. Bf1 Qc7
27. Qc5 Qxc5 28. Bxc5 Bd7 29. e3 a5 30. a4 Ke6 31. Bb6 Ne7 1-0

[Event "II LIGA CENTRALNE SRBIJE-ISTOK"]
[Site "Leskovac"]
[Date "2014.09.26"]
[Round "2.6"]
[White "Marjanovic, Toplica"]
[Black "Floricelovic, Milos*"]
[Result "0-1"]
[WhiteElo "1778"]
[BlackElo "2064"]
[PlyCount "37"]
[EventDate "2014.09.25"]

1. d4 d5 2. f4 f5 3. e3 Nf6 4. Nf3 e6 5. Be2 c6 6. a4 Bd6 7. O-O Nbd7 8. b3 Qe7
9. c4 O-O 10. c5 Bc7 11. g3 Ne4 12. Qe1 Ndf6 13. Nc3 Bd7 14. Nxe4 Nxe4 15. Bd2
Bc8 16. Ne5 Bxe5 17. fxe5 Qg5 18. Rf4 h5 19. Qd1 0-1

[Event "II LIGA CENTRALNE SRBIJE-ISTOK"]
[Site "Leskovac"]
[Date "2014.09.26"]
[Round "2.6"]
[White "Milutinovic, Bojan"]
[Black "Klcesko, Aleksandar**"]
[Result "1/2-1/2"]
[WhiteElo "1740"]
[BlackElo "1767"]
[PlyCount "48"]
[EventDate "2014.09.25"]

1. e4 c6 2. d4 d5 3. Nc3 dxe4 4. Nxe4 Bf5 5. Ng3 Bg6 6. h4 h6 7. h5 Bh7 8. Nf3
Nd7 9. Bd3 Bxd3 10. Qxd3 Ngf6 11. Bd2 e6 12. O-O-O Qc7 13. Ne4 Nxe4 14. Qxe4
Nf6 15. Qe2 Bd6 16. g3 a6 17. c4 a5 18. Bc3 Bb4 19. Rd3 Bxc3 20. Rxc3 Nd7 21.
g4 Ne5 22. Qxe5 Rd8 23. Qe3 c5 24. g5 Qg3 1/2-1/2

[Event "II LIGA CENTRALNE SRBIJE-ISTOK"]
[Site "Leskovac"]
[Date "2014.09.26"]
[Round "2.1"]
[White "Stoimenov, Roki"]
[Black "Grkovic, Vladan"]
[Result "1/2-1/2"]
[WhiteElo "2020"]
[BlackElo "2197"]
[PlyCount "27"]
[EventDate "2014.09.25"]

1. Nf3 d5 2. c4 c6 3. b3 Nf6 4. Bb2 Bf5 5. g3 e6 6. Bg2 Nbd7 7. O-O Be7 8. d3
O-O 9. Nbd2 c5 10. cxd5 exd5 11. Ne1 Nb6 12. e4 dxe4 13. dxe4 Bg4 14. f3
1/2-1/2

[Event "II LIGA CENTRALNE SRBIJE-ISTOK"]
[Site "Leskovac"]
[Date "2014.09.26"]
[Round "2.2"]
[White "Raicevic, Ivica"]
[Black "Tomic, Bosko"]
[Result "1/2-1/2"]
[WhiteElo "2269"]
[BlackElo "2463"]
[PlyCount "30"]
[EventDate "2014.09.25"]

1. c4 e5 2. Nc3 Nf6 3. Nf3 Nc6 4. g3 Bb4 5. Bg2 Bxc3 6. bxc3 O-O 7. O-O d6 8.
d3 Be6 9. e4 Qc8 10. Ng5 Bg4 11. f3 Bd7 12. f4 Bg4 13. Qe1 h6 14. Nf3 exf4 15.
gxf4 Bh3 1/2-1/2

[Event "II LIGA CENTRALNE SRBIJE-ISTOK"]
[Site "Leskovac"]
[Date "2014.09.26"]
[Round "2.2"]
[White "Jovic, Stanoje"]
[Black "Dmitrovic, Tomislav"]
[Result "1/2-1/2"]
[WhiteElo "2294"]
[BlackElo "2256"]
[PlyCount "20"]
[EventDate "2014.09.25"]

1. c4 f5 2. Nc3 Nf6 3. d3 e5 4. Nf3 Nc6 5. g3 Bb4 6. Bg2 O-O 7. O-O Bxc3 8.
bxc3 d6 9. Rb1 Qe8 10. Ne1 h6 1/2-1/2